La acción humana : (Registro nro. 4764)

Detalles MARC
000 -LEADER
fixed length control field 02682nam a2200313Ia 4500
003 - CONTROL NUMBER IDENTIFIER
control field OSt
005 - DATE AND TIME OF LATEST TRANSACTION
control field 20210204171349.0
008 - FIXED-LENGTH DATA ELEMENTS--GENERAL INFORMATION
fixed length control field 191128s2015 sp fr 001 0dspa d
020 ## - INTERNATIONAL STANDARD BOOK NUMBER
International Standard Book Number 9788472096707
040 ## - CATALOGING SOURCE
Original cataloging agency CO-JMCR
Transcribing agency CO-JMCR
041 1# - LANGUAGE CODE
Language code of text/sound track or separate title spa
Language code of original eng
082 04 - DEWEY DECIMAL CLASSIFICATION NUMBER
Classification number 330.01 /
Item number V945a
Edition number 23
100 1# - MAIN ENTRY--PERSONAL NAME
Personal name Von Mises, Ludwig,
Relator term autor
9 (RLIN) 2071
245 13 - TITLE STATEMENT
Title La acción humana :
Remainder of title tratado de economía /
Statement of responsibility, etc. Ludwig Von Mises ; estudio preliminar de Jesús Huerta de Soto ; traducción de Joaquín Reig Albiol
250 ## - EDITION STATEMENT
Edition statement Undécima edición
260 ## - PUBLICATION, DISTRIBUTION, ETC.
Place of publication, distribution, etc. Madrid :
Name of publisher, distributor, etc. Unión Editorial,
Date of publication, distribution, etc. 2015
300 ## - PHYSICAL DESCRIPTION
Extent lxxiv, 1068 páginas ;
Dimensions 24 cm.
490 0# - SERIES STATEMENT
Series statement Clásicos de la libertad
500 ## - GENERAL NOTE
General note Incluye notas a pie de página, datos y fotografía del autor e índice de nombres y materias.
505 0# - FORMATTED CONTENTS NOTE
Formatted contents note La acción humana -- La acción en el marco de la sociedad -- El cálculo económico -- La cataláctica o la teoría del mercado -- La cooperación social en ausencia del mercado -- El mercado intervenido -- El lugar de la economía en la sociedad
520 3# - SUMMARY, ETC.
Summary, etc. En la presente obra se exponen, con admirable lógica y claridad, los principios y fundamentos esenciales de la ciencia económica, encuadrada en una teoría general de la acción humana o praxeología. Sobre esta base, y siguiendo una metodología apriorístico-deductiva en la línea de la concepción subjetivista típica de la Escuela Austriaca, se analizan también las principales cuestiones de la Economía y de la Política Económica de nuestro tiempo. El cálculo económico y monetario, el funcionamiento del mercado y la formación de los precios, el dinero, el interés y el crédito, los ciclos económicos, la crucial función del empresario y de los factores de producción, especialmente el capital y el trabajo, el papel del gobierno en la economía, el intervencionismo, la manipulación del dinero y el crédito, la fiscalidad, la imposibilidad del cálculo económico en el socialismo, el sindicalismo, el corporativismo, la economía de guerra, así como el lugar que la Economía ocupa en el sistema de las ciencias y en la sociedad, etc., son los principales temas que conforman esta obra magistral, formidable construcción teórica realizada - en palabras del principal discípulo de Mises, el premio Nobel Friedrich A. Hayek- por "uno de los grandes pensadores de nuestro tiempo".<br/>
534 ## - ORIGINAL VERSION NOTE
Introductory phrase Human action, a treatise on economics
546 ## - LANGUAGE NOTE
Language note Traducido del inglés
650 14 - SUBJECT ADDED ENTRY--TOPICAL TERM
Topical term or geographic name entry element Economía
9 (RLIN) 5159
650 14 - SUBJECT ADDED ENTRY--TOPICAL TERM
Topical term or geographic name entry element Economía política
9 (RLIN) 5160
700 1# - ADDED ENTRY--PERSONAL NAME
Personal name Huerta de Soto, Jesús,
Relator term estudio preliminar
9 (RLIN) 5161
700 1# - ADDED ENTRY--PERSONAL NAME
Personal name Reig Albiol, Joaquín,
Relator term traductor
9 (RLIN) 5162
942 ## - ADDED ENTRY ELEMENTS (KOHA)
Source of classification or shelving scheme Dewey Decimal Classification
Koha item type Books
Existencias
Withdrawn status Lost status Source of classification or shelving scheme Damaged status Not for loan Collection code Home library Current library Date acquired Source of acquisition Cost, normal purchase price Total Checkouts Total Renewals Full call number Barcode Date last seen Date last checked out Copy number Koha item type
    Dewey Decimal Classification     Non-fiction Biblioteca Pública José María del Castillo y Rada Biblioteca Pública José María del Castillo y Rada 04/15/2018 Donación 0.00 2 1 330.01 / V945a 430000302 09/24/2024 09/23/2024 Ej.1 Books